Little House on the Prairie Books - Sudden Death - Statistics

General Stats
  • This quiz has been taken 272 times
  • The average score is 7 of 9
Answers on the Grid
Answers color-coded by a green-red scale on the quiz's grid according to % correct below.
A New Hope
A River Runs Through It
Bonanza
By the Shores of Silver Lake
Caddie Woodlawn
Dr. Quinn Medicine Woman
Far and Away
Farmer Boy
From a View to a Kill
How the West was Won
Into the Great Wide Open
Little House in the Big Woods
Little House on the Prairie
Little Pink Houses
Little Red Corvette
Little Town on the Prairie
O Pioneers!
Oh the Places You'll Go!
On the Banks of Plum Creek
Our House
Petticoat Junction
Sarah, Plain and Tall
Strawberry Fields Forever
Strawberry Girl
Take Me Home, Country Roads
The Adventures of Tom Sawyer
The First Four Years
The Grapes of Wrath
The House of the Rising Sun
The Little Shop of Horrors
The Long Winter
These Happy Golden Years
 
Answer Stats
Answer % Correct
Published in 1935 Little House on the Prairie
92%
Published in 1932 Little House in the Big Woods
91%
Published in 1937 On the Banks of Plum Creek
87%
Published in 1939 By the Shores of Silver Lake
85%
Published in 1935 Little Town on the Prairie
85%
Published in 1940 The Long Winter
82%
Published in 1943 These Happy Golden Years
76%
Published posthumously in 1971 The First Four Years
73%
Published in 1933 Farmer Boy
69%
No matching quizzes found
Score Distribution
Percent of People with Each Score
Percentile by Number Answered
Your Score History
You have not taken this quiz